01338nam a2200289 a 450000100100000000500170001000800410002704000250006804100380009308200150013110000250014624000890017124501470026026000660040730000280047349000610050149000260056253400990058850400400068750000340072770000470076183000680080883000330087604900090090995201130091899900170103100002593620200930024151.0110217s1997 ck a r 000 | spa d aDO-SdBNPbspacBNPHU aspaheng2Código de idioma MARC aNNNbW119g1 aWade, Peter ,952796 0aBlackness and race mixture : the dynamics of racial identity in Colombia.lEspañol10aGente negra, nación mestiza :bdinámica de las identidades raciales en Colombia /cPeter Wade ; traducción Ana Cristina Mejía Vélez. aSantafé de Bogotá :bSiglo del hombre :bUniandes,c1997. a487 p. :bil. ;c21 cm.1 aBiblioteca Universitaria Ciencias Sociales y Humanidades1 aAntropología Social aTítulo original :tBlackness and race mixture : the dynamics of racial identity in Colombia. aIncluye bibliografía : p. 439-467 aIncluye índice : p. 469-4871 aMejía Vélez, Ana Cristina,etr.952797 0aBiblioteca Universitaria Ciencias Sociales y Humanidades952798 0aAntropología Social916772 aBNGR 001050718MOaGRbGRcCTd2011-02-24iLF1l0oNNN W119gp25936-10r2020-06-25w2020-06-25y1ZNo se presta c25428d25428